The love of a stranger / Anna Jeffrey.
Available copies
- 1 of 1 copy available at LARL/NWRL Consortium.
- 1 of 1 copy available at Northwest Regional Library. (Show preferred library)
Current holds
0 current holds with 1 total copy.
Show Only Available Copies
| Location | Call Number / Copy Notes | Barcode | Shelving Location | Status | Due Date |
|---|---|---|---|---|---|
| Roseau Public Library | JEF (Text) | 35500006676132 | Main | Available | - |
Record details
- ISBN: 0739441361
- ISBN: 9780739441367
- Physical Description: 337 pages ; 22 cm
- Edition: [Book club ed.].
- Publisher: New York : New American Library, 2004.
Content descriptions
| General Note: | "An Onyx Book." Numbers on book jacket: "1160782", "64702." |
| Summary, etc.: | A belligerent blonde swinging a tire iron is the ... Read More |
Search for related items by subject
| Subject: | Divorced people > Fiction. Women landowners > Fiction. Idaho > Fiction. Divorced people. Women landowners. Idaho. |
| Genre: | Novels. Fiction. Love stories. Fiction. Novels. |
| LDR | 02375cam a2200505Ia 4500 | ||
|---|---|---|---|
| 001 | 416306 | ||
| 003 | LARL_NWRL_CONSORTIUM | ||
| 005 | 20230606161927.0 | ||
| 008 | 040819s2004 nyu 000 1 eng d | ||
| 035 | . | ‡a(OCoLC)56320904 | |
| 040 | . | ‡aTDS ‡beng ‡cTDS ‡dOCLCQ ‡dFS8 ‡dOCLCF ‡dOCLCO ‡dOCLCQ ‡dAL5CW ‡dMXB ‡dOCLCA ‡dJDP ‡dOCLCO ‡dOCL | |
| 020 | . | ‡a0739441361 ‡q(hardcover) | |
| 020 | . | ‡a9780739441367 ‡q(hardcover) | |
| 035 | . | ‡a(OCoLC)56320904 | |
| 043 | . | ‡an-us-id | |
| 082 | 0 | 4. | ‡a813/.54 ‡221 |
| 100 | 1 | . | ‡aJeffrey, Anna. |
| 245 | 1 | 4. | ‡aThe love of a stranger / ‡cAnna Jeffrey. |
| 250 | . | ‡a[Book club ed.]. | |
| 260 | . | ‡aNew York : ‡bNew American Library, ‡c2004. | |
| 300 | . | ‡a337 pages ; ‡c22 cm | |
| 336 | . | ‡atext ‡btxt ‡2rdacontent | |
| 337 | . | ‡aunmediated ‡bn ‡2rdamedia | |
| 338 | . | ‡avolume ‡bnc ‡2rdacarrier | |
| 500 | . | ‡a"An Onyx Book." | |
| 500 | . | ‡aNumbers on book jacket: "1160782", "64702." | |
| 520 | . | ‡aA belligerent blonde swinging a tire iron is the last thing Doug Hawkins expects during a romantic rendezvous with another woman. Deep down, Doug is glad his ill-advised dalliance is over before it started. And he is so intrigued by hot-blooded Alex McGregor, he begins a one-sided flirtation with a single goal in mind: to get under her skin. Alex doesn't take kindly to strangers, especially those who trespass on her property. Brokenhearted by the loss of her family, she wants to be left alone in her beloved cabin on Wolf Mountain. But when Doug proves to be her only ally in a fight with a local logger, Alex doesn't know what she fears more--the loss of her land or the loss of her heart. | |
| 650 | 0. | ‡aDivorced people ‡vFiction. ‡0(LARL_NWRL_CONSORTIUM)164628 | |
| 650 | 0. | ‡aWomen landowners ‡vFiction. | |
| 651 | 0. | ‡aIdaho ‡vFiction. ‡0(LARL_NWRL_CONSORTIUM)165336 | |
| 650 | 7. | ‡aDivorced people. ‡2fast ‡0(LARL_NWRL_CONSORTIUM)18657 | |
| 650 | 7. | ‡aWomen landowners. ‡2fast ‡0(LARL_NWRL_CONSORTIUM)40444 | |
| 651 | 7. | ‡aIdaho. ‡2fast ‡0(LARL_NWRL_CONSORTIUM)4682 | |
| 655 | 7. | ‡aNovels. ‡2fast | |
| 655 | 7. | ‡aFiction. ‡2fast | |
| 655 | 7. | ‡aLove stories. ‡2gsafd | |
| 655 | 7. | ‡aFiction. ‡2lcgft | |
| 655 | 7. | ‡aNovels. ‡2lcgft | |
| 901 | . | ‡a416306 ‡b ‡c416306 ‡tbiblio | |

Add to basket
Permalink
Enable Highlighting